Very Tough Words #6 - Statistics

General Stats
  • This quiz has been taken 14 times
  • The average score is 17 of 30
Answer Stats
Hint Answer % Correct
Suddenly unfriendly Brusque
100%
Relentless Indefatigable
92%
Egg study Oology
92%
Council Synod
92%
Roomy Capacious
83%
Someone who particularly in the know Cognoscente
75%
Originally referred to nets spiders use to fly through the air, now also refers to something light and soft Gossamer
75%
Petite cake in the form of shells Madeleine
75%
An innovation Novity
75%
Buying compulsion Oniomania
75%
Economic crisis leading to widespread extremism Weimarization
75%
Untimely event; Hitch Contretemps
67%
Colorful public transport vehicle Jeepney
67%
Counterattack (fencing) Riposte
67%
Coward Pusillanimous
58%
Dapper to showy Jaunty
50%
Dentate Serrated
50%
Hedonist Sybarite
50%
Ginger-like plants Zingiberales
50%
Kind of stupid (from biology) Bovine
42%
Result of photons being scattered by electrons Comptonization
42%
Soul Thetan
42%
Heavenly Empyrean
33%
Proficient word coinage Logodaedaly
33%
Large knife one could use in a kitchen or in battle Snickersnee
33%
Loan translation (like: 丟臉, loose + face => ENG to loose face) Calque
25%
Relating to a certain type of evergreen conifer Cuppresoid
25%
Shine or glitter Fulgency
25%
Pet name Hypocorism
25%
Possessing outgrowths on stem (botany) Stipulate
8%
No matching quizzes found
Score Distribution
Percent of People with Each Score
Percentile by Number Answered
Your Score History
You have not taken this quiz